<?xml version="1.0" encoding="UTF-8"?><?xml-stylesheet type="text/xsl" href="static/style.xsl"?><OAI-PMH xmlns="http://www.openarchives.org/OAI/2.0/" xmlns:xsi="http://www.w3.org/2001/XMLSchema-instance" xsi:schemaLocation="http://www.openarchives.org/OAI/2.0/ http://www.openarchives.org/OAI/2.0/OAI-PMH.xsd"><responseDate>2026-06-07T07:48:06Z</responseDate><request verb="GetRecord" identifier="oai:riuma.uma.es:10630/35238" metadataPrefix="marc">https://riuma.uma.es/rest/oai/request</request><GetRecord><record><header><identifier>oai:riuma.uma.es:10630/35238</identifier><datestamp>2026-02-03T11:28:52Z</datestamp><setSpec>com_10630_2254</setSpec><setSpec>col_10630_37953</setSpec></header><metadata><record xmlns="http://www.loc.gov/MARC21/slim" xmlns:dcterms="http://purl.org/dc/terms/" xmlns:doc="http://www.lyncode.com/xoai" xmlns:xsi="http://www.w3.org/2001/XMLSchema-instance" xsi:schemaLocation="http://www.loc.gov/MARC21/slim http://www.loc.gov/standards/marcxml/schema/MARC21slim.xsd">
   <leader>00925njm 22002777a 4500</leader>
   <datafield ind2=" " ind1=" " tag="042">
      <subfield code="a">dc</subfield>
   </datafield>
   <datafield ind2=" " ind1=" " tag="720">
      <subfield code="a">Peláez Santamaría, Salvador</subfield>
      <subfield code="e">author</subfield>
   </datafield>
   <datafield ind2=" " ind1=" " tag="260">
      <subfield code="c">2024-04-30</subfield>
   </datafield>
   <datafield ind2=" " ind1=" " tag="520">
      <subfield code="a">En todo acto comunicativo se hace necesario un uso estratégico de los recursos lingüísticos, es decir, una retórica del discurso: nadie habla por hablar, ni escribe por escribir. Usamos el lenguaje para comunicar nuestras ideas, pensamientos y sueños, y en la medida de lo posible, persuadir a los que nos rodean. Producimos actos de habla que convenzan a nuestros conciudadanos con la intención de imponer nuestros puntos de vista, para que se formen de nosotros sobre determinadas circunstancias o para que se hagan con aquello que le interese al emisor del texto. En el presente artículo realizamos una descripción y comentario de los usos lingüísticos usados para persuadir a los receptores de los mismos, utilizados en una muestra de textos de distinta índole pertenecientes al Diario Mercantil de Málaga, uno de los periódicos de referencia de la prensa malagueña del siglo XIX. Para llevar a cabo una adecuada contextualización del trabajo, analizamos el estado de la cuestión de la escritura persuasiva, sus objetivos y principales mecanismos lingüísticos, ejemplificados en dicho diario decimonónico, no sin antes realizar una aproximación a la situación de la prensa del siglo XIX en Málaga. Finalmente, detallamos las conclusiones obtenidas tras los objetivos marcados para este trabajo.</subfield>
   </datafield>
   <datafield ind1="8" ind2=" " tag="024">
      <subfield code="a">Peláez Santamaría, Salvador. (2024). La escritura persuasiva en la prensa malagueña del siglo XIX: el caso del Diario Mercantil de Málaga. Álabe, (2),137-15</subfield>
   </datafield>
   <datafield ind1="8" ind2=" " tag="024">
      <subfield code="a">https://hdl.handle.net/10630/35238</subfield>
   </datafield>
   <datafield ind1="8" ind2=" " tag="024">
      <subfield code="a">10.25115/alabe2.9861</subfield>
   </datafield>
   <datafield tag="653" ind2=" " ind1=" ">
      <subfield code="a">Español - S. XIX - Análisis del discurso</subfield>
   </datafield>
   <datafield tag="653" ind2=" " ind1=" ">
      <subfield code="a">Periódicos - Lenguaje - S. XIX</subfield>
   </datafield>
   <datafield tag="653" ind2=" " ind1=" ">
      <subfield code="a">Prensa - Málaga - S. XIX</subfield>
   </datafield>
   <datafield ind2="0" ind1="0" tag="245">
      <subfield code="a">La escritura persuasiva en la prensa malagueña del siglo XIX: del caso del Diario Mercantil de Málaga.</subfield>
   </datafield>
</record>
</metadata></record></GetRecord></OAI-PMH>